Business management and information technology / (Record no. 85981)

MARC details
000 -LEADER
fixed length control field 00645nam a22002057a 4500
005 - DATE AND TIME OF LATEST TRANSACTION
control field 20140811123125.0
010 ## - LCCN (DPL NO)
LC control number ENG-110318
020 ## - INTERNATIONAL STANDARD BOOK NUMBER
International Standard Book Number 9789350622537
Terms of availability 795.00
035 ## - SYSTEM CONTROL NUMBER
System control number EN-93850
037 ## - SOURCE OF ACQUISITION
Source of stock number/acquisition DBAD/PUB
082 ## - DEWEY DECIMAL CLASSIFICATION NUMBER
Classification number 658.40954
245 ## - TITLE STATEMENT
Title Business management and information technology /
Statement of responsibility, etc edited by Rajendra Jain, Ashima Joshi [and] Gaurav Chhabra
260 ## - PUBLICATION, DISTRIBUTION, ETC. (IMPRINT)
Place of publication, distribution, etc New Delhi
Name of publisher, distributor, etc Excel Books
Date of publication, distribution, etc 2013
270 ## - ADDRESS
Address A-45, Naraina, Phase I
City New Delhi
Postal code 110028
300 ## - PHYSICAL DESCRIPTION
Extent xxi,749p.
Dimensions 24cm(pbk)
700 ## - ADDED ENTRY--PERSONAL NAME
Personal name Jain. Rajendra
700 ## - ADDED ENTRY--PERSONAL NAME
Personal name Joshi, Ashima
700 ## - ADDED ENTRY--PERSONAL NAME
Personal name Chhabra, Gaurav
942 ## - ADDED ENTRY ELEMENTS (KOHA)
Source of classification or shelving scheme Dewey Decimal Classification
Item type English Books
Call number suffix BUS
Classification part 658.40954
Holdings
Withdrawn status Lost status Not for loan Collection code Home library Current library Date acquired Source of acquisition Cost, normal purchase price Full call number Barcode Copy number Cost, replacement price Koha item type
    Not For Loan Non-fiction D.B.Act.Division D.B.Act.Division 01/07/2014 DBAD/PUB 795.00 658.40954 BUS EN-93850 1 795.00 English Books

© Delhi Public Library
Hit Counter
free hit counter